[Event "Tabor op"]
[Site "Tabor"]
[Date "2013.08.01"]
[Round "6"]
[White "Lauko, Marian"]
[Black "Grussova, Helena"]
[Result "0-1"]
[WhiteElo "1868"]
[BlackElo "1989"]
[PlyCount "39"]
[EventDate "2013.07.28"]
[EventType "swiss"]
[EventRounds "9"]
[EventCountry "CZE"]
[SourceTitle "CBM 155 Extra"]
[Source "ChessBase"]
[SourceDate "2013.08.26"]
[SourceVersion "1"]
[SourceVersionDate "2013.08.26"]
[SourceQuality "1"]

1. d4 d5 2. Nf3 Nf6 3. c4 c6 4. e3 e6 5. Nc3 Nbd7 6. cxd5 exd5 7. g3 Bd6 8. Bg2 0-0 9. 0-0 Re8 10. Re1 Nf8 11. Qc2 Ng6 12. a3 Bg4 13. b3 h6 14. Bb2 Qd7 15. Nd2 Bh3 16. Bh1 Nh7 17. Ne2 Ng5 18. Nf4 Bxf4 19. exf4 Nxf4 20. Nf3 0-1

[Event "Tabor op"]
[Site "Tabor"]
[Date "2013.07.29"]
[Round "2"]
[White "Horak, Jaroslav"]
[Black "Lauko, Marian"]
[Result "0-1"]
[WhiteElo "1590"]
[BlackElo "1868"]
[PlyCount "102"]
[EventDate "2013.07.28"]
[EventType "swiss"]
[EventRounds "9"]
[EventCountry "CZE"]
[SourceTitle "CBM 155 Extra"]
[Source "ChessBase"]
[SourceDate "2013.08.26"]
[SourceVersion "1"]
[SourceVersionDate "2013.08.26"]
[SourceQuality "1"]

1. e4 d5 2. exd5 Nf6 3. d4 Nxd5 4. c4 Nf6 5. Nc3 e6 6. Bg5 Be7 7. Nf3 c6 8. Be2 0-0 9. Qd2 b6 10. h4 Ne8 11. h5 Bxg5 12. Nxg5 h6 13. Nh3 Bb7 14. g4 c5 15. d5 exd5 16. cxd5 Ba6 17. 0-0-0 Bxe2 18. Nxe2 Nd6 19. f4 f6 20. f5 Re8 21. Nhf4 a5 22. Ne6 Qd7 23. Nc3 a4 24. a3 Rc8 25. Rhe1 b5 26. Nf4 b4 27. Nb1 Na6 28. Ng6 bxa3 29. Nxa3 Re8 30. Re6 c4 31. Qf4 Red8 32. Ne7+ Kh7 33. Nc6 Nc5 34. Nxc4 Nb3+ 35. Kb1 Nxc4 36. Qxc4 Rdc8 37. Qb4 Ra6 38. Ne7 Raa8 39. Nxc8 Rxc8 40. d6 Qc6 41. Ree1 Qc2+ 42. Ka2 Rc4 43. Qb5 Nd4 44. Qb7 Nb3 45. Qf7 Nc1+ 46. Rxc1 Qb3+ 47. Ka1 Rxc1+ 48. Rxc1 Qxf7 49. Rc7 Qb3 50. Rc3 Qd1+ 51. Ka2 Qxd6 0-1

[Event "Tabor op"]
[Site "Tabor"]
[Date "2013.07.28"]
[Round "1"]
[White "Lauko, Marian"]
[Black "Plischki, Sebastian"]
[Result "0-1"]
[WhiteElo "1868"]
[BlackElo "2413"]
[PlyCount "74"]
[EventDate "2013.07.28"]
[EventType "swiss"]
[EventRounds "9"]
[EventCountry "CZE"]
[SourceTitle "CBM 155 Extra"]
[Source "ChessBase"]
[SourceDate "2013.08.26"]
[SourceVersion "1"]
[SourceVersionDate "2013.08.26"]
[SourceQuality "1"]

1. d4 Nf6 2. Nf3 g6 3. c4 Bg7 4. Nc3 0-0 5. g3 d6 6. Bg2 Nbd7 7. 0-0 e5 8. dxe5 dxe5 9. Qc2 c6 10. Rd1 Qe7 11. e4 Ne8 12. Be3 Nc5 13. Nd2 f5 14. f3 f4 15. Bf2 h5 16. Nb3 Ne6 17. c5 Ng5 18. Rd3 Nh3+ 19. Bxh3 Bxh3 20. Rad1 Kh7 21. Ne2 g5 22. Kh1 Rf6 23. gxf4 exf4 24. Ng1 Be6 25. Nd4 Rg6 26. Nf5 Qf7 27. Nxg7 Nxg7 28. Ne2 g4 29. Bh4 gxf3 30. Rxf3 Bg4 31. Rf2 Ne6 32. Rdf1 Rag8 33. Ng1 Qg7 34. Qc3 Qxc3 35. bxc3 Nxc5 36. Rxf4 Be6 37. e5 Rxg1+ 0-1

[Event "CZE-chT2C 1213"]
[Site "Czech Republic"]
[Date "2013.03.03"]
[Round "10.5"]
[White "Klecker, Tadeas"]
[Black "Lauko, Marian"]
[Result "1-0"]
[WhiteElo "2187"]
[BlackElo "1914"]
[PlyCount "93"]
[EventDate "2012.10.14"]
[EventType "team-tourn"]
[EventRounds "11"]
[EventCountry "CZE"]
[SourceTitle "EXT 2015"]
[Source "ChessBase"]
[SourceDate "2014.11.20"]
[SourceVersion "1"]
[SourceVersionDate "2014.11.20"]
[SourceQuality "1"]
[WhiteTeam "Praha Oaza"]
[BlackTeam "Cesky Krumlov"]
[WhiteTeamCountry "CZE"]
[BlackTeamCountry "CZE"]

1. d4 d5 2. Nf3 Nf6 3. c4 c6 4. Nc3 e6 5. e3 g6 6. Bd3 Bg7 7. 0-0 0-0 8. e4 dxe4 9. Nxe4 Nxe4 10. Bxe4 Nd7 11. Bf4 Nf6 12. Bc2 Nh5 13. Bg5 Bf6 14. h4 Ng7 15. Qd2 Bxg5 16. hxg5 b6 17. Be4 Bb7 18. b4 Qc7 19. c5 b5 20. a4 a6 21. a5 Nf5 22. g4 Ne7 23. Ne5 Nd5 24. f4 f6 25. gxf6 Nxf6 26. Bf3 Rad8 27. g5 Nd5 28. Bxd5 Rxd5 29. Ng4 Kg7 30. Nf6 Rf5 31. Qc3 Kf7 32. Ne4 Ke7 33. Nd6 Rd5 34. Rae1 Bc8 35. Re4 Kd8 36. Qh3 Qd7 37. Rfe1 e5 38. Qxd7+ Bxd7 39. fxe5 Bf5 40. Rf4 Ke7 41. Kf2 Ke6 42. Ke3 Ra8 43. Rh1 Rxd6 44. cxd6 Ra7 45. Rfh4 h5 46. gxh6 Rh7 47. Kf4 1-0

[Event "Tatry op"]
[Site "Tatranske Zruby"]
[Date "2012.09.23"]
[Round "1"]
[White "Lauko, Marian"]
[Black "Tyda, Krzysztof"]
[Result "0-1"]
[WhiteElo "1914"]
[BlackElo "2001"]
[PlyCount "152"]
[EventDate "2012.09.23"]
[EventType "swiss"]
[EventRounds "9"]
[EventCountry "SVK"]
[SourceTitle "CBM 150 Extra"]
[Source "ChessBase"]
[SourceDate "2012.10.19"]
[SourceVersion "1"]
[SourceVersionDate "2012.10.19"]
[SourceQuality "1"]

1. d4 d5 2. Nf3 Nf6 3. c4 e6 4. Nc3 c6 5. Bg5 Nbd7 6. e3 Qa5 7. Nd2 Bb4 8. Bxf6 Nxf6 9. Qc2 0-0 10. Bd3 Re8 11. 0-0 Bd6 12. f4 h6 13. c5 Be7 14. a3 Qc7 15. b4 b6 16. Nf3 Bb7 17. Ne5 Bf8 18. Rf3 Qe7 19. Raf1 Nd7 20. Qf2 f5 21. g4 Nxe5 22. fxe5 g6 23. gxf5 gxf5 24. Rg3+ Kh8 25. Ne2 Bg7 26. Nf4 Qf7 27. Ng6+ Kh7 28. Kh1 Rg8 29. Rfg1 Rae8 30. Qg2 Bc8 31. Qh3 Bd7 32. Nh4 Ref8 33. Nf3 Qe7 34. Nh4 Be8 35. Ng6 Bxg6 36. Rxg6 bxc5 37. bxc5 Qf7 38. Qg2 Rb8 39. Qc2 Rbf8 40. a4 Qxg6 41. Rxg6 Kxg6 42. a5 Rb8 43. Qa4 Rgc8 44. Kg2 Bf8 45. Kf3 Be7 46. Qa3 Rc7 47. a6 Rcc8 48. Qc3 Kh7 49. Qa3 Rb6 50. Qc3 Rbb8 51. Qc2 Bg5 52. Qc3 Rg8 53. Qa3 Bh4 54. Qc3 Rg1 55. Qc2 Rbg8 56. Qb2 R8g7 57. Qc2 Re1 58. Bxf5+ Kh8 59. Bh3 Reg1 60. Qb3 Rf7+ 61. Ke2 Rf2+ 62. Kd3 Rxh2 63. Qb8+ Rg8 64. Qxa7 Rxh3 65. Qb7 Bg5 66. Ke2 Rxe3+ 67. Kf2 Rf8+ 68. Kg2 Rd3 69. a7 Ra3 70. Qxc6 Rxa7 71. Qxe6 Rg7 72. Qxd5 Be3+ 73. Kh3 Rfg8 74. Qe4 Rg3+ 75. Kh4 Bf2 76. Qe2 Rf3+ 0-1

[Event "Tabor op"]
[Site "Tabor"]
[Date "2012.08.03"]
[Round "7"]
[White "Simon, Jan"]
[Black "Lauko, Marian"]
[Result "0-1"]
[WhiteElo "1636"]
[BlackElo "1920"]
[PlyCount "115"]
[EventDate "2012.07.29"]
[EventType "swiss"]
[EventRounds "9"]
[EventCountry "CZE"]
[SourceTitle "EXT 2013"]
[Source "ChessBase"]
[SourceDate "2012.11.22"]
[SourceVersion "1"]
[SourceVersionDate "2012.11.22"]
[SourceQuality "1"]

1. e4 d6 2. d4 Nf6 3. Nc3 c6 4. h3 Nbd7 5. Nf3 Qc7 6. Be3 a6 7. Be2 e6 8. 0-0 b5 9. a3 Bb7 10. Nd2 Be7 11. f4 c5 12. Bf3 cxd4 13. Bxd4 e5 14. Be3 exf4 15. Bxf4 Ne5 16. Qe2 0-0 17. Rad1 Rad8 18. Rfe1 Bc6 19. Rc1 Qb7 20. Kh1 Nfd7 21. Nd5 Bf6 22. Nxf6+ Nxf6 23. b4 Nfd7 24. c4 bxc4 25. Nxc4 Nxc4 26. Qxc4 Bb5 27. Qd4 Nb6 28. Bxd6 Qb8 29. Red1 Qa7 30. Qe3 Rfe8 31. Rc7 Qb8 32. Qf4 Bc4 33. Rxc4 Rxd6 34. Rxd6 Nxc4 35. e5 Nxd6 36. exd6 Rd8 37. Bd5 Qxd6 38. Bxf7+ Kh8 39. Qxd6 Rxd6 40. Bc4 g5 41. b5 axb5 42. Bxb5 h5 43. a4 h4 44. Kg1 Rd2 45. Kf1 Kg7 46. Bc6 Kf6 47. Ke1 Ra2 48. Kd1 Ke5 49. Kc1 Kd6 50. Kb1 Rf2 51. Bb7 Kc7 52. Bf3 Kb6 53. Bd5 Rf4 54. Bb3 Rf2 55. Bd5 Kc5 56. Bf3 Kb4 57. Bc6 Kb3 58. Kc1 0-1

[Event "Tabor op"]
[Site "Tabor"]
[Date "2012.07.30"]
[Round "2"]
[White "Lauko, Marian"]
[Black "Privoznik, Lubos"]
[Result "1-0"]
[WhiteElo "1920"]
[BlackElo "1666"]
[PlyCount "79"]
[EventDate "2012.07.29"]
[EventType "swiss"]
[EventRounds "9"]
[EventCountry "CZE"]
[SourceTitle "EXT 2013"]
[Source "ChessBase"]
[SourceDate "2012.11.22"]
[SourceVersion "1"]
[SourceVersionDate "2012.11.22"]
[SourceQuality "1"]

1. d4 Nf6 2. Nf3 g6 3. c4 d6 4. Nc3 Bg7 5. e4 c6 6. Bd3 0-0 7. 0-0 e5 8. d5 cxd5 9. cxd5 Nbd7 10. Bg5 Nc5 11. Bc2 Qb6 12. Rb1 Nh5 13. b4 Nd7 14. Qd2 a6 15. a4 Qc7 16. Rfc1 h6 17. Be3 Nb6 18. Bb3 Nf4 19. Bxf4 exf4 20. Ne2 Qe7 21. a5 Nd7 22. Qxf4 Nf6 23. Ng3 Bg4 24. Nd2 Rfc8 25. Nc4 Bf8 26. h3 g5 27. Qe3 Bd7 28. Re1 Rc7 29. Nb6 Re8 30. f4 g4 31. h4 Nh7 32. h5 Qh4 33. Rbc1 Rxc1 34. Rxc1 Nf6 35. e5 dxe5 36. fxe5 Bd6 37. Nxd7 Nxd7 38. Nf5 Rxe5 39. Qxe5 Nxe5 40. Nxh4 1-0

[Event "CZE-chT2A 1112"]
[Site "Czech Republic"]
[Date "2012.03.04"]
[Round "9"]
[White "Lauko, Marian"]
[Black "Gschwendtner, Stanislav"]
[Result "0-1"]
[WhiteElo "1961"]
[BlackElo "2011"]
[PlyCount "44"]
[EventDate "2011.10.09"]
[EventType "team-tourn"]
[EventRounds "11"]
[EventCountry "CZE"]
[SourceTitle "EXT 2013"]
[Source "ChessBase"]
[SourceDate "2012.11.22"]
[SourceVersion "1"]
[SourceVersionDate "2012.11.22"]
[SourceQuality "1"]
[WhiteTeam "Cesky Krumlov"]
[BlackTeam "Klatovy"]
[WhiteTeamCountry "CZE"]
[BlackTeamCountry "CZE"]

1. d4 Nf6 2. Nf3 g6 3. c4 Bg7 4. Nc3 d5 5. e3 0-0 6. cxd5 Nxd5 7. g3 c5 8. Be2 Nc6 9. Nxd5 Qxd5 10. dxc5 Qxc5 11. a3 Bh3 12. Bf1 Rad8 13. Nd2 Bf5 14. Bg2 Bc2 15. Qe2 Bd3 16. Qg4 Qc2 17. Qd1 Qc5 18. Qg4 h5 19. Qf4 Qc2 20. Bxc6 bxc6 21. Rb1 c5 22. Qf3 c4 0-1

[Event "CZE-chT2A 1112"]
[Site "Czech Republic"]
[Date "2012.02.19"]
[Round "8"]
[White "Lauko, Marian"]
[Black "Folkova, Martina"]
[Result "0-1"]
[WhiteElo "1961"]
[BlackElo "2136"]
[PlyCount "100"]
[EventDate "2011.10.09"]
[EventType "team-tourn"]
[EventRounds "11"]
[EventCountry "CZE"]
[SourceTitle "EXT 2013"]
[Source "ChessBase"]
[SourceDate "2012.11.22"]
[SourceVersion "1"]
[SourceVersionDate "2012.11.22"]
[SourceQuality "1"]
[WhiteTeam "Cesky Krumlov"]
[BlackTeam "Plzen Sokol"]
[WhiteTeamCountry "CZE"]
[BlackTeamCountry "CZE"]

1. d4 d5 2. Nf3 e6 3. e3 Nf6 4. c4 c6 5. Nc3 Nbd7 6. cxd5 exd5 7. Bd3 Bd6 8. Qc2 0-0 9. 0-0 Re8 10. Bd2 Nf8 11. a3 Bg4 12. Be2 Ne4 13. Ne1 Bxe2 14. Nxe2 a5 15. Ng3 Ng6 16. Nd3 h5 17. Nxe4 dxe4 18. Nc5 Qh4 19. h3 Qe7 20. Rac1 Nh4 21. Kh1 Nxg2 22. Qxe4 Qxe4 23. Nxe4 Rxe4 24. Kxg2 f5 25. Kf3 Kf7 26. Rg1 g6 27. Ke2 Be7 28. f3 Re6 29. Rc3 a4 30. Rgc1 g5 31. Rd3 Rd8 32. Ba5 Rd5 33. Bc7 Bf6 34. Bb6 Rb5 35. Bc5 Rxb2+ 36. Rd2 Rb3 37. Rd3 Rb2+ 38. Rd2 Rxd2+ 39. Kxd2 Be7 40. Kd3 Bxc5 41. Rxc5 Kf6 42. Rc2 g4 43. hxg4 fxg4 44. f4 g3 45. Rg2 h4 46. e4 Re7 47. Ke3 Rh7 48. Kf3 h3 49. Rg1 g2 50. Rc1 Rg7 0-1

[Event "CZE-chT2A 1112"]
[Site "Czech Republic"]
[Date "2012.01.22"]
[Round "6"]
[White "Lauko, Marian"]
[Black "Riedl, Maximilian"]
[Result "1-0"]
[WhiteElo "1961"]
[BlackElo "2037"]
[PlyCount "87"]
[EventDate "2011.10.09"]
[EventType "team-tourn"]
[EventRounds "11"]
[EventCountry "CZE"]
[SourceTitle "EXT 2013"]
[Source "ChessBase"]
[SourceDate "2012.11.22"]
[SourceVersion "1"]
[SourceVersionDate "2012.11.22"]
[SourceQuality "1"]
[WhiteTeam "Cesky Krumlov"]
[BlackTeam "Domazlice"]
[WhiteTeamCountry "CZE"]
[BlackTeamCountry "CZE"]

1. d4 d5 2. Nf3 c6 3. c4 e6 4. Nc3 f5 5. cxd5 exd5 6. Bg5 Nf6 7. e3 Bd6 8. Bd3 h6 9. Bf4 Bxf4 10. exf4 0-0 11. 0-0 Ne4 12. Ne5 Qb6 13. Bxe4 fxe4 14. Qd2 Nd7 15. Na4 Qc7 16. Rac1 Qd6 17. a3 Qf6 18. g3 Nxe5 19. dxe5 Qg6 20. f3 exf3 21. Nc5 b6 22. Nd3 Bf5 23. Nb4 Rac8 24. Rxf3 a5 25. Nc2 Be4 26. Rf2 c5 27. Ne3 Rfd8 28. Rcf1 Qe8 29. g4 Rc6 30. h3 g6 31. Re1 Qe7 32. Nf1 c4 33. Ng3 Bd3 34. Kh2 d4 35. f5 gxf5 36. gxf5 Kh7 37. f6 Qf7 38. Qf4 Re6 39. Nf5 Qf8 40. Nxd4 Ree8 41. Nf5 Rd5 42. Rg2 Bxf5 43. Qxf5+ Kh8 44. f7 1-0

[Event "CZE-chT2A 1112"]
[Site "Czech Republic"]
[Date "2012.01.08"]
[Round "5"]
[White "Trcka, Vaclav"]
[Black "Lauko, Marian"]
[Result "1-0"]
[WhiteElo "1884"]
[BlackElo "1961"]
[PlyCount "107"]
[EventDate "2011.10.09"]
[EventType "team-tourn"]
[EventRounds "11"]
[EventCountry "CZE"]
[SourceTitle "EXT 2013"]
[Source "ChessBase"]
[SourceDate "2012.11.22"]
[SourceVersion "1"]
[SourceVersionDate "2012.11.22"]
[SourceQuality "1"]
[WhiteTeam "Jindrichuv Hradec"]
[BlackTeam "Cesky Krumlov"]
[WhiteTeamCountry "CZE"]
[BlackTeamCountry "CZE"]

1. d4 d5 2. c4 e6 3. Nc3 c6 4. Nf3 dxc4 5. e4 b5 6. g3 Bb7 7. Bg2 Nf6 8. e5 Nd5 9. 0-0 Be7 10. Qe2 0-0 11. Rd1 Nd7 12. Ne4 a5 13. Bg5 Bxg5 14. Nfxg5 g6 15. f4 h6 16. Nf3 Qe7 17. Nd6 Ba6 18. Qd2 f5 19. Nh4 g5 20. Ng6 Qd8 21. Nxf8 Nxf8 22. Bxd5 cxd5 23. a3 g4 24. Kg2 Ra7 25. Rh1 Rg7 26. h3 gxh3+ 27. Rxh3 Rg6 28. Rah1 Kg7 29. Kf3 Nd7 30. Rg1 Kh7 31. Nf7 Qe7 32. Qxa5 Nb8 33. Nd6 Qa7 34. Nxb5 Qb7 35. Qc7+ Rg7 36. Qxb7 Bxb7 37. Nd6 Ba6 38. Rgh1 Rg6 39. Nf7 Kg7 40. Nxh6 Nc6 41. Ke3 Na5 42. Nxf5+ exf5 43. Rh7+ Kf8 44. Ra7 Kg8 45. Kf2 Nb3 46. Rh5 Nxd4 47. Rg5 Rxg5 48. fxg5 Bb5 49. a4 Bc6 50. a5 Ne6 51. Ra6 Nd8 52. e6 Kf8 53. g6 Be8 54. Rd6 1-0

[Event "Zdar nad Sazavou Vysocina op 8th"]
[Site "Zdar nad Sazavou"]
[Date "2011.09.28"]
[Round "5"]
[White "Tuma, Jan"]
[Black "Lauko, Marian"]
[Result "0-1"]
[WhiteElo "1701"]
[BlackElo "1961"]
[PlyCount "64"]
[EventDate "2011.09.24"]
[EventType "swiss"]
[EventRounds "9"]
[EventCountry "CZE"]
[SourceTitle "CBM 144 Extra"]
[Source "ChessBase"]
[SourceDate "2011.10.28"]
[SourceVersion "1"]
[SourceVersionDate "2011.10.28"]
[SourceQuality "1"]

1. e4 d5 2. exd5 Nf6 3. d4 Nxd5 4. Nf3 c6 5. c4 Nf6 6. Nc3 e6 7. Be3 b6 8. Bd3 Bb7 9. 0-0 g6 10. Bg5 Bg7 11. d5 0-0 12. dxe6 fxe6 13. Re1 Qd6 14. c5 Qxc5 15. Rxe6 Bc8 16. Qb3 Nd5 17. Be7 Qa5 18. Bxf8 Bxe6 19. Bxg7 Kxg7 20. Ng5 Bg8 21. Nge4 Nd7 22. Nxd5 Bxd5 23. Qc3+ Qxc3 24. Nxc3 Nc5 25. Bc2 Kf6 26. Nxd5+ cxd5 27. Kf1 d4 28. Ke2 h5 29. Re1 d3+ 30. Bxd3 Re8+ 31. Kd2 Rxe1 32. Kxe1 Nxd3+ 0-1

[Event "Tabor op"]
[Site "Tabor"]
[Date "2011.08.01"]
[Round "3"]
[White "Lauko, Marian"]
[Black "Meszaros, Ludek"]
[Result "0-1"]
[WhiteElo "1956"]
[BlackElo "2170"]
[PlyCount "102"]
[EventDate "2011.07.31"]
[EventType "swiss"]
[EventRounds "9"]
[EventCountry "CZE"]
[SourceTitle "CBM 143 Extra"]
[Source "ChessBase"]
[SourceDate "2011.08.29"]
[SourceVersion "1"]
[SourceVersionDate "2011.08.29"]
[SourceQuality "1"]

1. d4 Nf6 2. c4 g6 3. Nc3 Bg7 4. Nf3 0-0 5. e4 d6 6. Be2 Nbd7 7. 0-0 e5 8. d5 Nc5 9. Bg5 h6 10. Bxf6 Qxf6 11. b4 Nd7 12. a4 a5 13. Nb5 Qd8 14. bxa5 Rxa5 15. Qd2 b6 16. Qc2 Nc5 17. Nd2 f5 18. f3 Rf7 19. Nc3 Qg5 20. Nd1 Bd7 21. Nb3 Rxa4 22. Ra2 Rxa2 23. Qxa2 fxe4 24. Nxc5 exf3 25. Bxf3 bxc5 26. Qe2 Qh4 27. Nf2 h5 28. Be4 Bf5 29. g3 Qg5 30. Bg2 Bh6 31. Qb2 h4 32. Qb3 hxg3 33. hxg3 Qe3 34. Qb8+ Kg7 35. Kh2 Bg5 36. Nh3 Be7 37. Ra1 Qe2 38. Kg1 Bxh3 39. Bxh3 Qf2+ 40. Kh1 Qxg3 41. Be6 Rf8 42. Qxf8+ Bxf8 43. Rf1 Qh4+ 44. Kg2 Be7 45. Rf7+ Kh6 46. Kg1 Bf6 47. Kg2 e4 48. Rf8 e3 49. Bg4 Qxg4+ 50. Kh1 e2 51. Re8 Qh3+ 0-1

[Event "Tabor op"]
[Site "Tabor"]
[Date "2011.07.31"]
[Round "1"]
[White "Lauko, Marian"]
[Black "Lalic, Bogdan"]
[Result "0-1"]
[WhiteElo "1956"]
[BlackElo "2470"]
[PlyCount "76"]
[EventDate "2011.07.31"]
[EventType "swiss"]
[EventRounds "9"]
[EventCountry "CZE"]
[SourceTitle "CBM 143 Extra"]
[Source "ChessBase"]
[SourceDate "2011.08.29"]
[SourceVersion "1"]
[SourceVersionDate "2011.08.29"]
[SourceQuality "1"]

1. d4 Nf6 2. Nf3 g6 3. g3 c5 4. e3 b6 5. Bg2 Bb7 6. 0-0 Bg7 7. c4 0-0 8. Nc3 Ne4 9. Nxe4 Bxe4 10. Bd2 d5 11. cxd5 Qxd5 12. Bc3 Nd7 13. Nh4 cxd4 14. exd4 Bxg2 15. Nxg2 Rfd8 16. Nf4 Qb7 17. Qb3 Nf6 18. Rad1 Nd5 19. Ng2 Rac8 20. Rd3 e6 21. Rfd1 Rd7 22. Ne3 Nxe3 23. Rxe3 Rd5 24. Red3 Rcd8 25. Qc2 Qd7 26. f4 e5 27. fxe5 Bxe5 28. Qg2 h5 29. R3d2 Bg7 30. Qf2 Re8 31. Qg2 Re6 32. a3 Kh7 33. Qf3 a5 34. Kg2 Rf5 35. Qd3 Qd5+ 36. Kg1 Bh6 37. Rg2 Rf3 38. Qc2 Be3+ 0-1

[Event "CZE-chT2A 1011"]
[Site "Czech Republic"]
[Date "2011.03.06"]
[Round "9"]
[White "Rut, Vojtech"]
[Black "Lauko, Marian"]
[Result "1-0"]
[WhiteElo "1931"]
[BlackElo "2002"]
[PlyCount "83"]
[EventDate "2010.10.17"]
[EventType "team-tourn"]
[EventRounds "11"]
[EventCountry "CZE"]
[SourceTitle "EXT 2012"]
[Source "ChessBase"]
[SourceDate "2011.11.24"]
[SourceVersion "1"]
[SourceVersionDate "2011.11.24"]
[SourceQuality "1"]
[WhiteTeam "Vysehrad II"]
[BlackTeam "Cesky Krumlov"]
[WhiteTeamCountry "CZE"]
[BlackTeamCountry "CZE"]

1. d4 d5 2. Nf3 c6 3. c4 e6 4. g3 Nf6 5. Bg2 Nbd7 6. 0-0 Be7 7. Qc2 dxc4 8. Qxc4 0-0 9. Rd1 Qb6 10. Nc3 Nd5 11. e4 Nxc3 12. bxc3 Nf6 13. Bg5 Qd8 14. Bxf6 Bxf6 15. e5 Be7 16. Rab1 Qd5 17. Qe2 Qd7 18. h4 h6 19. Nh2 b6 20. Qh5 f6 21. exf6 Bxf6 22. Ng4 Qf7 23. Qxf7+ Rxf7 24. Bxc6 Bb7 25. Bxb7 Rxb7 26. Re1 Kf7 27. Ne5+ Bxe5 28. Rxe5 Rc8 29. Rbe1 Rxc3 30. Rxe6 Rd3 31. Rd6 Rd2 32. a4 Ra2 33. d5 Rxa4 34. Rd8 Re7 35. Rc1 Rae4 36. Kg2 Rd4 37. d6 Re6 38. Rc7+ Kf6 39. Rf8+ Ke5 40. d7 Red6 41. d8Q Rxd8 42. Re7+ 1-0

[Event "CZE-chT2A 1011"]
[Site "Czech Republic"]
[Date "2011.02.20"]
[Round "8"]
[White "Mauerer, Ferdinand"]
[Black "Lauko, Marian"]
[Result "1-0"]
[WhiteElo "2100"]
[BlackElo "2002"]
[PlyCount "107"]
[EventDate "2010.10.17"]
[EventType "team-tourn"]
[EventRounds "11"]
[EventCountry "CZE"]
[SourceTitle "EXT 2012"]
[Source "ChessBase"]
[SourceDate "2011.11.24"]
[SourceVersion "1"]
[SourceVersionDate "2011.11.24"]
[SourceQuality "1"]
[WhiteTeam "Domazlice"]
[BlackTeam "Cesky Krumlov"]
[WhiteTeamCountry "CZE"]
[BlackTeamCountry "CZE"]

1. d4 d5 2. Nf3 Nf6 3. Bg5 c6 4. e3 e6 5. c3 Be7 6. Bd3 b6 7. Nbd2 Nbd7 8. 0-0 0-0 9. Bxf6 Bxf6 10. e4 g6 11. e5 Bg7 12. Qe2 Bb7 13. Rae1 b5 14. h4 a6 15. Ng5 h6 16. Nxe6 fxe6 17. Qg4 Rf5 18. Qxg6 Nf8 19. Qg4 Rf7 20. Re3 Bc8 21. Nb3 Qe7 22. f4 Ra7 23. Rg3 Rf5 24. Bxf5 exf5 25. Qh5 Kh7 26. Nc5 Be6 27. Nxe6 Qxe6 28. Qe2 Bf6 29. h5 Rg7 30. Rxg7+ Bxg7 31. a4 Qf7 32. axb5 axb5 33. Ra1 Ne6 34. g3 Bf8 35. Kf2 Ng7 36. Ra8 Ne6 37. b4 Kg8 38. Qd1 Qe7 39. Qh1 Qb7 40. Ra5 Nxd4 41. cxd4 Bxb4 42. Ra1 Bc3 43. Rd1 Qa7 44. Qh4 Bxd4+ 45. Kg2 Qa2+ 46. Kh3 Bc5 47. Qf6 Qe2 48. Qg6+ Kf8 49. Qxf5+ Ke7 50. Ra1 Qe4 51. Qf6+ Kd7 52. Qf7+ Be7 53. Ra7+ Kc8 54. Qe8+ 1-0

[Event "Cesky Krumlov op 4th"]
[Site "Cesky Krumlov"]
[Date "2010.11.27"]
[Round "8"]
[White "Kral, Ladislav"]
[Black "Lauko, Marian"]
[Result "0-1"]
[WhiteElo "1702"]
[BlackElo "1989"]
[PlyCount "52"]
[EventDate "2010.11.21"]
[EventType "swiss"]
[EventRounds "9"]
[EventCountry "CZE"]
[SourceTitle "CBM 139 Extra"]
[Source "ChessBase"]
[SourceDate "2011.01.05"]
[SourceVersion "1"]
[SourceVersionDate "2011.01.05"]
[SourceQuality "1"]

1. e4 d6 2. d4 Nf6 3. Nc3 g6 4. f4 Bg7 5. Nf3 0-0 6. Bd3 e6 7. Be3 Nbd7 8. Qd2 c5 9. e5 cxd4 10. Bxd4 dxe5 11. fxe5 Ng4 12. Qf4 Nh6 13. h4 Nf5 14. Bxf5 exf5 15. 0-0-0 Qa5 16. h5 Nc5 17. hxg6 fxg6 18. Rxh7 Kxh7 19. Rh1+ Kg8 20. Qh4 Ne6 21. Qh7+ Kf7 22. Nh4 Nxd4 23. Qxg6+ Kg8 24. Nf3 Nxf3 25. Qh7+ Kf7 26. Rh6 Nxe5 0-1

[Event "Cesky Krumlov op 4th"]
[Site "Cesky Krumlov"]
[Date "2010.11.22"]
[Round "2"]
[White "Nemcova, Katerina"]
[Black "Lauko, Marian"]
[Result "1-0"]
[WhiteElo "2287"]
[BlackElo "1989"]
[PlyCount "85"]
[EventDate "2010.11.21"]
[EventType "swiss"]
[EventRounds "9"]
[EventCountry "CZE"]
[SourceTitle "CBM 139 Extra"]
[Source "ChessBase"]
[SourceDate "2011.01.05"]
[SourceVersion "1"]
[SourceVersionDate "2011.01.05"]
[SourceQuality "1"]

1. e4 d6 2. d4 Nf6 3. Nc3 g6 4. h3 Bg7 5. Be3 0-0 6. Nf3 c6 7. Be2 b5 8. a3 a6 9. 0-0 Bb7 10. Nd2 Nbd7 11. f4 c5 12. d5 Qc7 13. f5 b4 14. Na4 a5 15. c4 Nb6 16. Nxb6 Qxb6 17. a4 Nd7 18. Ra2 Ne5 19. b3 Bc8 20. Qe1 Bd7 21. Rf2 Bf6 22. g3 Qd8 23. Qf1 Bg7 24. Bd1 f6 25. g4 g5 26. h4 h6 27. Rh2 Nf7 28. Nf3 Qc8 29. Rag2 e6 30. dxe6 Bxe6 31. fxe6 Qxe6 32. Qd3 Ne5 33. Nxe5 dxe5 34. Qd5 Qxd5 35. exd5 Rac8 36. Bc2 Rfd8 37. Be4 Bf8 38. Rf2 Kg7 39. hxg5 fxg5 40. Bf5 Ra8 41. Be6 Ra7 42. Rf5 Bd6 43. Rxh6 1-0

[Event "Tabor op"]
[Site "Tabor"]
[Date "2010.08.05"]
[Round "6"]
[White "Lauko, Marian"]
[Black "Janecek, Josef"]
[Result "1-0"]
[WhiteElo "1980"]
[BlackElo "2115"]
[PlyCount "75"]
[EventDate "2010.08.01"]
[EventType "swiss"]
[EventRounds "9"]
[EventCountry "CZE"]
[SourceTitle "EXT 2012"]
[Source "ChessBase"]
[SourceDate "2011.11.24"]
[SourceVersion "1"]
[SourceVersionDate "2011.11.24"]
[SourceQuality "1"]

1. d4 Nf6 2. Nf3 d5 3. e3 g6 4. c4 Bg7 5. Nc3 0-0 6. b3 c5 7. Bb2 cxd4 8. Nxd4 e5 9. Nf3 d4 10. exd4 exd4 11. Qxd4 Qa5 12. 0-0-0 Ng4 13. b4 Qxb4 14. Qxg7+ Kxg7 15. Nd5+ f6 16. Nxb4 Nxf2 17. Bd3 Nxh1 18. Rxh1 Nc6 19. Nxc6 bxc6 20. Be4 Ba6 21. c5 Bc4 22. a3 Rae8 23. Nd2 Bd5 24. Bxd5 cxd5 25. Bc3 g5 26. Nf3 Kg6 27. Rd1 g4 28. Nd4 Re4 29. Kc2 f5 30. c6 Rc8 31. Kd3 h5 32. Rb1 Re7 33. Bd2 Re4 34. Rb5 Rxd4+ 35. Kxd4 Rxc6 36. Rxd5 h4 37. Ke5 g3 38. hxg3 1-0

[Event "Cesky Krumlov op 3rd"]
[Site "Cesky Krumlov"]
[Date "2009.11.19"]
[Round "7"]
[White "Valtr, Tomas"]
[Black "Lauko, Marian"]
[Result "0-1"]
[WhiteElo "1927"]
[BlackElo "1984"]
[PlyCount "44"]
[EventDate "2009.11.14"]
[EventType "swiss"]
[EventRounds "9"]
[EventCountry "CZE"]
[SourceTitle "EXT 2010"]
[Source "ChessBase"]
[SourceDate "2010.11.25"]
[SourceVersion "1"]
[SourceVersionDate "2010.11.25"]
[SourceQuality "1"]

1. e4 e6 2. d4 d5 3. exd5 exd5 4. Bf4 Nf6 5. Nf3 Bg4 6. h3 Bh5 7. Bd3 Be7 8. 0-0 0-0 9. Nbd2 c6 10. c3 Na6 11. Qb3 Qb6 12. Rfe1 Rfe8 13. Re3 Bf8 14. Rae1 Rxe3 15. Rxe3 Bg6 16. Ne5 Bxd3 17. Nxd3 Rc8 18. Re2 Nc7 19. Qc2 Ne6 20. Be3 Qa6 21. a3 c5 22. Nf1 cxd4 0-1